Jack Nicholson Movies Quiz Stats

 Plays Quiz Updated Jan 1, 2020

Support Sporcle.
Go Orange.
Score 0/59 Timer 08:00
0 Plays Today
Year Movie Title % Correct
1980The Shining
84.8%
1989Batman
81.5%
1975One Flew Over the Cuckoo's Nest
79.1%
1997As Good As It Gets
72%
2006The Departed
67.2%
1992A Few Good Men
65.7%
2007The Bucket List
60.1%
2003Anger Management
59.8%
1974Chinatown
56.7%
1969Easy Rider
53.9%
2002About Schmidt
53.2%
1983Terms of Endearment
45.7%
1987The Witches of Eastwick
41.5%
1996Mars Attacks!
39.1%
2003Something's Gotta Give
39.1%
1970Five Easy Pieces
36.2%
1994Wolf
34%
1990The Two Jakes
31.3%
1992Hoffa
25.2%
1985Prizzi's Honor
25.1%
1960The Little Shop of Horrors
24.2%
1981Reds
22.5%
1973The Last Detail
22.2%
1987Ironweed
19.3%
1981The Postman Always Rings Twice
18.9%
2001The Pledge
18.3%
1996The Evening Star
15.9%
1995The Crossing Guard
15.5%
1971Carnal Knowledge
15.1%
2010I'm Still Here
15%
Year Movie Title % Correct
1978Goin' South
14%
1987Broadcast News
13.9%
1986Heartburn
13.6%
1976The Missouri Breaks
12.9%
1975Tommy
12.2%
1982The Border
11.2%
1996Blood and Wine
10.9%
1963The Raven
10.8%
1975Professione: reporter
10.7%
1972The King of Marvin Gardens
10.6%
2010How Do You Know
10.5%
1963The Terror
10.1%
1976The Last Tycoon
9.8%
1992Man Trouble
8.7%
1970On a Clear Day You Can See Forever
7.7%
1958The Cry Baby Killer
7.6%
1975The Fortune
7.3%
1967Hells Angels on Wheels
7%
1967The Shooting
6.6%
1968Psych-Out
5.7%
1964Ensign Pulver
5.4%
1965Ride in the Whirlwind
5.2%
1960The Wild Ride
4.9%
1960Studs Lonigan
4.7%
1970The Rebel Rousers
4.6%
1964Back Door to Hell
4.4%
1960Too Soon to Love
4.3%
1962The Broken Land
3.9%
1964Flight to Fury
3.7%

From the Vault

What's It Stand For? NCAA Edition

by puckett86

Sports 7m
It's an acronym's world, we're just livin' in it.
Remove Ads.
Support Sporcle.
Get the best of Sporcle when you Go Orange. This ad-free experience offers more features, more stats, and more fun while also helping to support Sporcle. Thank you for becoming a member.

Show Comments

Extras

Top Quizzes Today


Score Distribution

Your Account Isn't Verified!

In order to create a playlist on Sporcle, you need to verify the email address you used during registration. Go to your Sporcle Settings to finish the process.

Report this User

Report this user for behavior that violates our Community Guidelines.

Details: